Stín v nás

Saved in:
Bibliographic Details
Main Author Kast, Verena
Format Electronic eBook
LanguageCzech
Published Portál 2020
Edition1. elektronické vydání
Subjects
Online AccessDostupné v BOOKPORT po přihlášení pomocí eduID
ISBN978-80-262-1611-7
978-80-262-1612-4
978-80-262-1576-9
Physical Description1 online zdroj (144 stran)

Cover

LEADER 00000nam a2200000 i 4500
001 bkp117468575
003 CZ-prgp
005 20200315081910.0
006 m o d
007 cr cn
008 200315s2020 xr o 000 0 cze
020 |a 978-80-262-1611-7  |c 223 Kč  |q (online ; pdf) 
020 |a 978-80-262-1612-4  |c 223 Kč  |q (online ; epub) 
020 |a 978-80-262-1576-9  |c 289 Kč  |q (print) 
040 |a Grada  |b cze  |e rda 
100 1 |a Kast, Verena 
245 1 0 |a Stín v nás  |c Verena Kast 
250 |a 1. elektronické vydání 
264 1 |b Portál  |c 2020 
300 |a 1 online zdroj (144 stran) 
336 |a text  |b txt  |2 rdacontent 
337 |a počítač  |b c  |2 rdamedia 
338 |a online zdroj  |b cr  |2 rdacarrier 
520 3 |a Tam, kde je světlo, je i stín. V Jungově individuaci jde o protiklad s personou - tou stránkou, kterou rádi stavíme na odiv a jejíž prostřednictvím prezentujeme svou bezúhonnost. Čím vyhraněnější persona, tím větší přetvářka a tím více potlačený stín. Stín ale nemusí znamenat vyložené zlo, nýbrž častěji prostě něco, co je méněcenné a nedokonalé. Ten, kdo si neuvědomuje vlastní stín, ho často promítá na druhé - třeba na cizince. Integrovat vlastní stín znamená překonat úzkost a paradoxně jí odebrat sílu. Znamená to přijmout vlastní životnost, stát se realističtějším a méně narcistickým. Verena Kastová existenci stínu dokládá na mýtech, pohádkách i příkladech z terapie či z každodenního života. Popisuje individuální i kolektivní stín a způsoby, jak stín přijmout. Výsledkem takového procesu je větší opravdovost, pokora i zodpovědnost za vlastní chyby. Verena Kast vystudovala filozofii a psychologii, působí jako analytička ve švýcarském St. Gallenu a přednáší na institutu C. G. Junga v Curychu. Do roku 1998 byla předsedkyní Mezinárodní společnosti pro analytickou psychologii. Je autorkou řady knižních titulů. V nakladatelství Portál vyšly její knihy Imaginace jako prostor setkání s nevědomím (1999), Krize a tvořivý přístup k ní (2000), Dynamika symbolů (2000), Otcové-dcery, matky-synové (2004), Hněv a jeho smysl (2010), Touha po druhém (2011), Úzkost a její smysl (2012), Sny (2013), Truchlení (2015), Závist, žárlivost a jejich smysl (2016). 
650 0 4 |a Psychologie odborná 
856 4 0 |u https://www.bookport.cz/AccountSaml/SignIn/?idp=https://shibboleth.utb.cz/idp/shibboleth&returnUrl=/kniha/stin-v-nas-6111/  |y Dostupné v BOOKPORT po přihlášení pomocí eduID